Catholic University of Zimbabwe Library
Online Public Access Catalogue
(OPAC)

Economic Women (Record no. 24417)

MARC details
000 -LEADER
fixed length control field 03280cam a22005534a 4500
001 - CONTROL NUMBER
control field muse29585
003 - CONTROL NUMBER IDENTIFIER
control field MdBmJHUP
005 - DATE AND TIME OF LATEST TRANSACTION
control field 20210127151039.0
006 - FIXED-LENGTH DATA ELEMENTS--ADDITIONAL MATERIAL CHARACTERISTICS
fixed length control field m o d
007 - PHYSICAL DESCRIPTION FIXED FIELD--GENERAL INFORMATION
fixed length control field cr||||||||nn|n
008 - FIXED-LENGTH DATA ELEMENTS--GENERAL INFORMATION
fixed length control field 130614s2013 ohu o 00 0 eng d
010 ## - LIBRARY OF CONGRESS CONTROL NUMBER
Canceled/invalid LC control number 2013023713
020 ## - INTERNATIONAL STANDARD BOOK NUMBER
International Standard Book Number 9780814271193
020 ## - INTERNATIONAL STANDARD BOOK NUMBER
International Standard Book Number 0814271197
020 ## - INTERNATIONAL STANDARD BOOK NUMBER
Canceled/invalid ISBN 9780814212363 (cloth : alk. paper)
020 ## - INTERNATIONAL STANDARD BOOK NUMBER
Canceled/invalid ISBN 0814212360 (cloth : alk. paper)
020 ## - INTERNATIONAL STANDARD BOOK NUMBER
Canceled/invalid ISBN 9780814293386 (cd-rom)
020 ## - INTERNATIONAL STANDARD BOOK NUMBER
Canceled/invalid ISBN 0814293387 (cd-rom)
035 ## - SYSTEM CONTROL NUMBER
System control number (OCoLC)870684347
040 ## - CATALOGING SOURCE
Original cataloging agency MdBmJHUP
Transcribing agency MdBmJHUP
043 ## - GEOGRAPHIC AREA CODE
Geographic area code e-uk---
050 04 - LIBRARY OF CONGRESS CALL NUMBER
Classification number PR868.W6
Item number E27 2013
082 0# - DEWEY DECIMAL CLASSIFICATION NUMBER
Classification number 823/.8093522
Edition number 23
245 00 - TITLE STATEMENT
Title Economic Women
Remainder of title Essays on Desire and Dispossession in Nineteenth-Century British Culture /
Statement of responsibility, etc. Edited by Lana L. Dalley and Jill Rappoport.
264 #1 - PRODUCTION, PUBLICATION, DISTRIBUTION, MANUFACTURE, AND COPYRIGHT NOTICE
Name of producer, publisher, distributor, manufacturer Ohio State University Press,
264 #3 - PRODUCTION, PUBLICATION, DISTRIBUTION, MANUFACTURE, AND COPYRIGHT NOTICE
Name of producer, publisher, distributor, manufacturer Project MUSE,
300 ## - PHYSICAL DESCRIPTION
Extent 1 online resource (256 p.)
504 ## - BIBLIOGRAPHY, ETC. NOTE
Bibliography, etc. note Includes bibliographical references and index.
505 0# - FORMATTED CONTENTS NOTE
Formatted contents note Introducing economic women / Lana L. Dalley and Jill Rappoport -- Gentry, gender, and the moral economy during the Revolutionary and Napoleonic wars in provincial England / Kathryn Gleadle -- Women, free trade, and Harriet Martineau's Dawn Island at the 1845 Anti-Corn Law League bazaar / Leslee Thorne-Murphy -- Sacrificial value : beyond the cash nexus in George Eliot's Romola / Ilana M. Blumberg -- Florence Nightingale's contributions to economics / Mary Poovey -- The cost of everything in Middlemarch / Gordon Bigelow -- Demand and desire in Dracula / Deanna K. Kreisel -- "A pauper every wife is" : Lady Westmeath, money, marriage, and divorce in early nineteenth-century England / Janette Rutterford -- Marriage, celibacy, or emigration? Debating the costs of family life in mid-Victorian England / Erika Rappaport -- "Absolutely Miss Fairlie's own" : emasculating economics in The woman in white / Esther Godfrey -- "She'd give her two ears to know" : the gossip economy in Ellen Wood's St Martin's eve / Tara MacDonald -- Charlotte Riddell : novelist of "the city" / Nancy Henry -- A "formidable" business : British women travelers in the colonial medical market / Narin Hassan -- Afterword-and forward : economic women in their time, our time, and the future / Regenia Gagnier.
506 0# - RESTRICTIONS ON ACCESS NOTE
Terms governing access Open Access
Standardized terminology for access restriction Unrestricted online access
Source of term star
588 ## - SOURCE OF DESCRIPTION NOTE
Source of description note Description based on print version record.
650 #0 - SUBJECT ADDED ENTRY--TOPICAL TERM
Topical term or geographic name entry element Economics in literature.
650 #0 - SUBJECT ADDED ENTRY--TOPICAL TERM
Topical term or geographic name entry element Women in literature.
650 #0 - SUBJECT ADDED ENTRY--TOPICAL TERM
Topical term or geographic name entry element Women
Geographic subdivision Great Britain
General subdivision Economic conditions
Chronological subdivision 19th century.
650 #0 - SUBJECT ADDED ENTRY--TOPICAL TERM
Topical term or geographic name entry element Women and literature
Geographic subdivision Great Britain
General subdivision History
Chronological subdivision 19th century.
650 #0 - SUBJECT ADDED ENTRY--TOPICAL TERM
Topical term or geographic name entry element English fiction
Chronological subdivision 19th century
General subdivision History and criticism.
655 #7 - INDEX TERM--GENRE/FORM
Genre/form data or focus term Electronic books.
Source of term local
700 1# - ADDED ENTRY--PERSONAL NAME
Personal name Rappoport, Jill.
700 1# - ADDED ENTRY--PERSONAL NAME
Personal name Dalley, Lana L.,
Dates associated with a name 1976-
710 2# - ADDED ENTRY--CORPORATE NAME
Corporate name or jurisdiction name as entry element Project Muse.
Relator term distributor
830 #0 - SERIES ADDED ENTRY--UNIFORM TITLE
Uniform title Book collections on Project MUSE.
856 40 - ELECTRONIC LOCATION AND ACCESS
Public note Full text available:
Uniform Resource Identifier <a href="https://muse.jhu.edu/book/27709/">https://muse.jhu.edu/book/27709/</a>
945 ## - LOCAL PROCESSING INFORMATION (OCLC)
a Project MUSE - 2014 Complete
945 ## - LOCAL PROCESSING INFORMATION (OCLC)
a Project MUSE - 2014 Literature
Holdings
Withdrawn status Lost status Source of classification or shelving scheme Damaged status Not for loan Home library Current library Shelving location Date acquired Total Checkouts Full call number Date last seen Uniform Resource Identifier Price effective from Koha item type
          Digital Library Digital Library Online Access 27.01.2021   PR868.W6 E27 2013 27.01.2021 https://muse.jhu.edu/book/27709/ 27.01.2021 eBook

OPENING HOURS

Weekdays: 0815hrs - 1800hrs
Weekends:0900hrs - 1200hrs

Closed for Mass:

Mon, Thur: 1200hrs - 1300hrs
Sunday & Public Holiday’s

CALL SUPPORT

0242-570570, 0242-570169
09200664, +263 8644140602

LOCATION

18443, Cranborne Avenue, Hatfield, Harare

Other Links


©2021 | CUZ Library